000 005030000a22001810004500
020 _a84-7057-409-4
041 0 _aSPA
082 0 4 _aG 270.92 S2839t
100 1 _aScannone, Juan Carlos
245 1 0 _aTeología de la liberación y doctrina social de la iglesia / Juan Carlos Scannone
260 _aMadrid, España : Cristiandad
300 _a285 Pag
001 6931
942 _cBK
999 _c37178
_d37178
336 _atexto
_btxt
_2rdacontent
337 _2rdamedia
_asin mediación
_bn
338 _2rdacarrier
_avolumen
_bnc